00309nam a2200121Ia 4500008004100000082001600041100001800057245003200075250000800107260004400115300001000159650001800169150201s2014 xx 000 0 und d a617.7bC14K aKHURANA, A.K. aCOMPREHENSIVE OPHTHALMOLOGY a5TH bNEW AGE INTERNATIONAL PUB.aINDIAc2014 a1-637 aOPHTHALMOLOGY